Statistics for African Great Lakes

Click here to take the quiz!

General Stats

  • This quiz has been taken 37,775 times
    (37,553 since last reset)
  • The average score is 4 of 9

Answers on the Map

Answers color-coded by a green-red scale on the quiz's map according to % correct below.
 

Answer Stats

km2Lake% Correct
68,800Lake Victoria
98%
29,600Lake Malawi
80%
32,900Lake Tanganyika
58%
5,300Lake Albert
27%
2,325Lake Edward
22%
2,700Lake Kivu
22%
6,405Lake Turkana
21%
5,760Lake Rukwa
16%
5,120Lake Mweru
15%

Score Distribution

Percentile by Number Answered

Percent of People with Each Score

Your Score History

You have not taken this quiz since the last reset